El archipielago de San Andres y Providencia : (Registro nro. 28250)
[ vista simple ]
| 000 -LEADER | |
|---|---|
| fixed length control field | 01315nam a2200253Ia 4500 |
| 003 - CONTROL NUMBER IDENTIFIER | |
| control field | CO-CtgCURN |
| 005 - DATE AND TIME OF LATEST TRANSACTION | |
| control field | 20250408173621.0 |
| 008 - FIXED-LENGTH DATA ELEMENTS--GENERAL INFORMATION | |
| fixed length control field | 190722s9999 xx 000 0 und d |
| 020 ## - INTERNATIONAL STANDARD BOOK NUMBER | |
| International Standard Book Number | 8482722468 |
| 040 ## - CATALOGING SOURCE | |
| Original cataloging agency | CO-CtgCURN |
| Language of cataloging | spa |
| Transcribing agency | coctgcurn |
| 082 ## - DEWEY DECIMAL CLASSIFICATION NUMBER | |
| Classification number | 341.42 |
| Item number | M938a |
| 100 ## - MAIN ENTRY--PERSONAL NAME | |
| Personal name | Moyano Bonilla, Cesar |
| 245 #0 - TITLE STATEMENT | |
| Title | El archipielago de San Andres y Providencia : |
| Remainder of title | estudio historico-juridico a la luz del derecho internacional / |
| Statement of responsibility, etc. | Cesar Moyano Bonilla |
| 260 ## - PUBLICATION, DISTRIBUTION, ETC. | |
| Place of publication, distribution, etc. | Bogotá, Colombia : |
| Name of publisher, distributor, etc. | Editorial Temis, |
| Date of publication, distribution, etc. | 1983 |
| 300 ## - PHYSICAL DESCRIPTION | |
| Extent | 773 páginas ; |
| Dimensions | 21 centímetros |
| 504 ## - BIBLIOGRAPHY, ETC. NOTE | |
| Bibliography, etc. note | Incluye referencias bibliográficas (p. [729]-741) |
| 505 ## - FORMATTED CONTENTS NOTE | |
| Formatted contents note | Cap. 1. Planteamiento de la posicion Colombiana -- Cap. 2. Fundamentacion de la tesis de Colombia -- Cap. 3. Tratado Colombo-Nicaraguense de 1928 -- Cap. 4. Vigencia del tratado esguerra-barcenas : Nicaragua -- Cap. 5. Vigencia del tratado esguerra-barcenas : Colombia -- Cap. 6. El archipielago de San Andres y Providencia -- Cap. 7. Conclusiones. |
| 521 ## - TARGET AUDIENCE NOTE | |
| Target audience note | AREA PROFESIONAL |
| 590 ## - LOCAL NOTE (RLIN) | |
| Local note | Programa de Derecho_18 |
| 650 ## - SUBJECT ADDED ENTRY--TOPICAL TERM | |
| Topical term or geographic name entry element | Derecho internacional público |
| 650 ## - SUBJECT ADDED ENTRY--TOPICAL TERM | |
| Topical term or geographic name entry element | San Andres y Providencia (Colombia) |
| General subdivision | Situacion internacional |
| 942 ## - ADDED ENTRY ELEMENTS (KOHA) | |
| Koha item type | Libros |
| Classification part | 341.42 |
| Item part | M938a |
| Source of classification or shelving scheme | Dewey Decimal Classification |
| Suppress in OPAC | No |
| Withdrawn status | Lost status | Damaged status | Not for loan | Collection | Home library | Current library | Shelving location | Date acquired | Inventory number | Total checkouts | Full call number | Barcode | Date last seen | Copy number | Price effective from | Koha item type |
|---|---|---|---|---|---|---|---|---|---|---|---|---|---|---|---|---|
| Miguel Henríquez Castañeda Barranquilla | Miguel Henríquez Castañeda Barranquilla | General | 05/23/2018 | 00991 | 341.42 M938a | 00991 | 07/22/2019 | ej.1 | 07/22/2019 | Libros |